Statistiche per I 7 Colli di Roma

Clicka qui per fare il quiz!

Statistiche generali

  • Questo quiz è stato fatto 15 volte
  • Il punteggio medio è 6 su 7

Statistiche sulle risposte

Colle% Corretto
Quirinale
100%
Aventino
93%
Esquilino
79%
Palatino
79%
Viminale
79%
Celio
71%
Campidoglio
57%

Distribuzione punteggi

Percentile per numero di risposta

Percentuale di utenti per punteggio

I tuoi punteggi nel tempo

Non hai fatto questo quiz